00430naa a2200157 450000500170000001000170001702000260003403500170006003500130007703700370009008200060012710000180013324500600015126000400021130000210025120141212114606.0 aB-442884-890 c599.00a9781408810583 aB-442884-890 aG-002863 bBlueberry Books aSpecial Power  aN aRowling, J.K. aHarry Potter and the half blood princecby J.K. Rowling aLondonbBloomsvury Publishingc2010 a607 pc20cm(pbk)